000 01460nam a2200337 c 4500
003 BLK
005 20241206005451.0
008 180409b bul|||||r ||||||| ||bul||
010 _aKNG00127822000
040 _aBLK
041 _aBUL
_cBUL
080 _aБългарска литература
_b821.163.2
_x-1(081.2)
_z821.163.2-1(081.2)
100 _aБагряна, Елисавета
_d1893-1991
_qБелчева, Елисавета Любомирова
_9364149
700 _aБелчева, Елисавета Любомирова
_9269418
139 _aБагряна, Елисавета
_bБ 13
245 1 0 _aИзбрани стихотворения
_bВ 3 т.
_cЕлисавета Багряна; * Елисавета Любомирова Белчева.
_nТ. 2
_pМост
257 _aBGR
260 София
_bБълг. писател
_c1988 -
300 _c20 см
380 _aX
500 _aИстинското име на авт. е Елисавета Любомирова Белчева. - 3 112 тир.
505 _g
_r
_tПет звезди
505 _g
_r
_tОт бряг до бряг
760 1 _aБагряна, Елисавета
_d1988
_h216 с. : с портр.
_tТ. 2 Мост
852 _aЦб 153069
856 4 _qpdf
_u
856 4 _qpdf
_u
942 _cKNG
_n0
944 _aCR
_c23.02.2012
_lCRON CRON
_k
944 _aED
_c23.02.2012
_l23.02.2012 - от С1,Р / 23.02.2012
_k
999 _c122187
_d122187